Central Library OPAC University of Rajshahi

A village that chose progress : (Record no. 72578)

MARC details
000 -LEADER
fixed length control field 00951nam a2200265 a 4500
001 - CONTROL NUMBER
control field 72578
003 - CONTROL NUMBER IDENTIFIER
rucl marc code BD-RjUL
005 - DATE AND TIME OF LATEST TRANSACTION
control field 20211209082259.0
008 - FIXED-LENGTH DATA ELEMENTS--GENERAL INFORMATION
fixed length control field 170521s1950 ilub 001 0 eng
035 ## - SYSTEM CONTROL NUMBER
System control number (BD-RjUL)72796
040 ## - CATALOGING SOURCE
Original cataloging agency DLC
Transcribing agency ODaWU
Modifying agency OCoLC
-- Uk
-- IRoRVC
-- DLC
-- BD-RjUL
Language of cataloging eng
041 ## - LANGUAGE CODE
Language code of text/sound track or separate title eng
082 ## - DEWEY DECIMAL CLASSIFICATION NUMBER
Edition number 23
Classification number 972.00498
Author mark and year REV 1950
100 1# - MAIN ENTRY--PERSONAL NAME
Personal name Redfield, Robert,
Dates associated with a name 1897-
9 (RLIN) 214687
245 12 - TITLE STATEMENT
Title A village that chose progress :
Remainder of title Chan Kom revisited /
Statement of responsibility, etc. Robert Redfeild.
260 ## - PUBLICATION, DISTRIBUTION, ETC. (IMPRINT)
Place of publication, distribution, etc. Chicago :
Name of publisher, distributor, etc. University of Chicago Press,
Date of publication, distribution, etc. c1950.
300 ## - PHYSICAL DESCRIPTION
Pagination xiv, 187 p. :
Illustrations ill. ;
Size 22 cm.
490 1# - SERIES STATEMENT
Series statement The University of Chicago publications in anthropology. Social anthropological series
500 ## - GENERAL NOTE
General note Includes index.
650 #0 - SUBJECT ADDED ENTRY--TOPICAL TERM
Topical term or geographic name as entry element Mayas
General subdivision Social life and customs.
9 (RLIN) 214688
Topical term or geographic name as entry element Mayas
General subdivision Religion.
9 (RLIN) 214689
651 #0 - SUBJECT ADDED ENTRY--GEOGRAPHIC NAME
Geographic name Chan Kom (Mexico)
9 (RLIN) 214690
830 #0 - SERIES ADDED ENTRY--UNIFORM TITLE
Uniform title University of Chicago publications in anthropology.
942 ## - ADDED ENTRY ELEMENTS (KOHA)
Source of classification or shelving scheme Dewey Decimal Classification
Koha item type Books
Holdings
Lost status Source of classification or shelving scheme Damaged status Not for loan Collection code Permanent Location Current Location Shelving location Date acquired Total Checkouts Full call number Date last seen Copy number Koha item type
  Dewey Decimal Classification   Not For Loan Non-fiction Central Library, University of Rajshahi Central Library, University of Rajshahi Reading Room 21/05/2017   972.00498 REV 1950 21/05/2017 C-1 Books
  Dewey Decimal Classification     Non-fiction Central Library, University of Rajshahi Central Library, University of Rajshahi   22/05/2017   972.00498 REV 1950 22/05/2017 C-2 Books